Utilisateurs de FOUDRE dans les mangas - Mort Subite - Statistiques

Statistiques générales
  • Ce quiz a été pris 57 fois
  • Le résultat moyen est 6 sur 18
Answers on the Grid
Answers color-coded by a green-red scale on the quiz's grid according to % correct below.
Kirua Zoldik
Luxus Draer
Denki Kaminari
Kakashi Hatake
Sasuke Uchiha
Lambo
Ener
Nami
Yaiba Kurogane
Zenitsu Agatsuma
Luck Voltia
Misaka Mikoto
Aiolia
Akira Otoishi
Thor
Thorfinn
Yoruichi Shihouin
Pikachu
Killer Bee
Kars
Johnny Joestar
Hyakkimaru
Yamcha
Guts
L Lawliet
Yusuke Urameshi
Musashi Miyamoto
Ranma Saotome
Jubia
Kamina
Beerus
Akira Fudo
Lust
Levi Ackermann
Itadori Yuji
Mugen
Saitama
Seijuro Shin
 
Statistiques - réponses
Réponse % Correct
Pikachu
64%
Sasuke Uchiha
64%
Ener
62%
Thor
54%
Kakashi Hatake
51%
Kirua Zoldik
51%
Nami
51%
Killer Bee
44%
Luxus Draer
44%
Luck Voltia
38%
Zenitsu Agatsuma
38%
Denki Kaminari
31%
Yoruichi Shihouin
23%
Misaka Mikoto
8%
Yaiba Kurogane
8%
Aiolia
5%
Akira Otoishi
5%
Lambo
3%
Aucun quiz correspondant
Distribution des résultats
% des personnes avec chaque résultat
Percentile par nombre de réponses
Votre historique - résultats
Vous n’avez pas pris ce quiz